00500cam a22001811 45000010009000000050017000090080041000260100017000670350018000840400025001020410008001270800017001350820017001521000007001691010008001762450102001845040032002861019230120180312055508.0720217s1941 nyu b 000 0 eng  a 41017652  a(OCoLC)244261 aDLCcOYUdOCoLCdDLC aeng a821.0822 ALD a821.0822 ALD a21 aGJL14aThe Viking book of poetry of the English-speaking world,cchosen and edited by Richard Aldington. aBibliography: p. 1207-1225.